LABORATORY MANUAL & JOURNAL OF PHYSIOLOGY (Record no. 9624)

MARC details
000 -LEADER
fixed length control field 00320nam a22001457a 4500
003 - CONTROL NUMBER IDENTIFIER
control field SGT
082 ## - DEWEY DECIMAL CLASSIFICATION NUMBER
Classification number 612
Item number L09R
100 ## - MAIN ENTRY--PERSONAL NAME
Personal name RANADE,V.G
245 ## - TITLE STATEMENT
Title LABORATORY MANUAL & JOURNAL OF PHYSIOLOGY
250 ## - EDITION STATEMENT
Edition statement 1ST
260 ## - PUBLICATION, DISTRIBUTION, ETC. (IMPRINT)
Place of publication, distribution, etc PUNE
Name of publisher, distributor, etc PUNE VIDYARTHI GRIHA
Year of Publication 2009
300 ## - PAGE DESCRIPTION
No. of Pages 305
650 ## - SUBJECT ADDED ENTRY--TOPICAL TERM
Topical term or geographic name as entry element PHYSIOLOGY
942 ## - ADDED ENTRY ELEMENTS (KOHA)
Source of classification or shelving scheme Dewey Decimal Classification
Koha item type Books
Holdings
Withdrawn status Lost status Source of classification or shelving scheme Damaged status Not for loan Collection code Home library Current library Shelving location Date acquired Vendor Name Cost, normal purchase price SGTU Bill Number Total Checkouts Full call number Accession No. (Barcode) Date last seen Bill Date Koha item type Date last borrowed
    Dewey Decimal Classification     PHARMACY SGT FA-FP Library SGT FA-FP Library Text Book 23/07/2016 UNIVERSAL BOOK 225.00 SGTU 156   612 L09R FP1954 23/07/2016 15/07/2016 Books  
    Dewey Decimal Classification     PHARMACY SGT FA-FP Library SGT FA-FP Library Text Book 23/07/2016 UNIVERSAL BOOK 225.00 SGTU 156   612 L09R FP1955 23/07/2016 15/07/2016 Books  
    Dewey Decimal Classification     PHARMACY SGT FA-FP Library SGT FA-FP Library Text Book 23/07/2016 UNIVERSAL BOOK 225.00 SGTU 156 1 612 L09R FP1956 09/09/2016 15/07/2016 Books 09/09/2016
    Dewey Decimal Classification     PHARMACY SGT FA-FP Library SGT FA-FP Library Text Book 23/07/2016 UNIVERSAL BOOK 225.00 SGTU 156   612 L09R FP1957 23/07/2016 15/07/2016 Books  
    Dewey Decimal Classification     PHARMACY SGT FA-FP Library SGT FA-FP Library Reference Book 23/07/2016 UNIVERSAL BOOK 225.00 SGTU 156   612 L09R FP1958 23/07/2016 15/07/2016 Books